Statistics for MLB All-Star First Basemen since 1986

Click here to take the quiz!

General Stats

  • This quiz has been taken 117 times
    (68 since last reset)
  • The average score is 31 of 83

Answer Stats

Answer% Correct
Albert Pujols
76%
David Ortiz
76%
Cecil Fielder
73%
Prince Fielder
73%
Jim Thome
68%
Mark McGwire
68%
Chris Davis
65%
Freddie Freeman
65%
Glenn Davis
65%
Adrian Gonzalez
62%
Frank Thomas
62%
Miguel Cabrera
62%
Paul Goldschmidt
62%
Don Mattingly
59%
Josh Bell
59%
Keith Hernandez
59%
Mark Teixeira
59%
Tino Martinez
59%
Vladimir Guerrero Jr
59%
Jack Clark
57%
Todd Helton
57%
Tony Clark
57%
Will Clark
57%
Anthony Rizzo
54%
Brandon Belt
54%
Joey Votto
54%
Ryan Howard
54%
Jeff Bagwell
51%
Pedro Guerrero
51%
Rafael Palmeiro
51%
Jason Giambi
49%
John Olerud
49%
Paul Konerko
49%
Pete Alonso
49%
Derrek Lee
46%
Dmitri Young
46%
Jose Abreu
46%
Yonder Alonso
46%
Carlos Delgado
43%
Fred McGriff
43%
Matt Olson
43%
Eddie Murray
41%
Justin Morneau
41%
Cody Bellinger
38%
Edwin Encarnacion
38%
Mark Grace
38%
Ryan Zimmerman
38%
Andres Galarraga
35%
Carlos Pena
35%
Eric Hosmer
35%
Mo Vaughn
32%
Carlos Santana
30%
Kevin Youkilis
27%
Mike Sweeney
27%
Richie Sexson
27%
Lance Berkman
24%
Ryan Klesko
24%
Dwight Evans
22%
George Brett
22%
Mitch Moreland
22%
Wally Joyner
22%
Max Muncy
16%
John Kruk
14%
Wil Myers
14%
C.J. Cron
11%
Gaby Sanchez
11%
Justin Smoak
11%
Ken Harvey
11%
Nomar Garciaparra
11%
John Jaha
8%
Sean Casey
8%
Allen Craig
5%
Jared Wlash
5%
Jesus Aguilar
5%
Bryan LaHair
3%
Dan Vogelbach
3%
Gerald Perry
3%
Luis Arraez
3%
Greg Jeffries
0%
Pat Tabler
0%
Ron Coomer
0%
Shea Hillenbrand
0%
Ty Wiggington
0%

Score Distribution

Percentile by Number Answered

Percent of People with Each Score

Your Score History

You have not taken this quiz since the last reset